000
00324nam a2200145Ia 4500
008
191201s2005 xx 000 0 und d
082
_a
006.6
_b
HEC
100
_a
HEARN, Donald
245
0
_a
Computer Graphics
250
_a
2nd
260
_a
N.Delhi
_b
PHI
_c
2005
300
_a
650
650
_a
B.Tech(CSE)
942
_2
ddc
_c
BK
999
_c
1315
_d
1315